| 000 | 01379nam a2200169 a 4500 | ||
|---|---|---|---|
| 020 | _a1560510188 (set) | ||
| 082 | 0 | 0 |
_a625.734 _bTAS _cL-26 P-6 |
| 245 | 0 | 0 |
_aHighway drainage guidelines / _c[prepared by Task Force on Hydrology and Hydraulics, AASHTO Highway Subcommittee on Design] |
| 260 |
_aWashington, D.C. : _bAmerican Association of State Highway and Transportation Officials, _c1992. |
||
| 300 |
_a11 v. in 1 : _bill. ; _c28 cm. |
||
| 505 | 0 | _av. 1. Guidelines for hydraulic considerations in highway planning and location -- v. 2. Guidelines for hydrology -- v. 3. Guidelines for erosion and sediment control in highway construction -- v. 4. Guidelines for hydraulic design of culverts -- v. 5. Guidelines for the legal aspects of highway drainage -- v. 6. Guidelines for hydraulic analysis and design of open channels -- v. 7. Guidelines for hydraulic analysis for the location and design of bridges -- v. 8. Guidelines for hydraulic aspects in restoration and upgrading of highways -- v. 9. Guidelines for storm drain systems -- v. 10. Guidelines for evaluating effects on surface water environments -- [11] Glossary of highway-related drainage terms. | |
| 526 |
_a0 _b0 _c0 _d625_734000000000000_TAS |
||
| 650 | 0 |
_aMCE _9379 |
|
| 650 | 0 |
_aRoad drainage. _920171 |
|
| 710 | 2 |
_aAmerican Association of State Highway and Transportation Officials. _919553 |
|
| 942 |
_2ddc _cBK |
||
| 999 |
_c547488 _d547488 |
||